000
00211 a2200085 4500
020
_a
9788957701553
100
_a
ARCHIWORLD
245
_a
IN DETAIL 09: INTERIOR DESIGN DETAIL OFFICE II
260
_b
ARCHIWORLD
999
_c
13518
_d
13518